000 00519nam a22001937a 4500
005 20240423123959.0
008 240423b |||||||| |||| 00| 0 eng d
020 _a9781786391698
_c£ 45.00
040 _aMAIN
082 _a338.4791
_bB675C(2)
100 _aBowen, David
245 _aContemporary Tourist Behaviour: Yourself and others as tourists
250 _a2nd
260 _aWallingford
_bCABI
_c2022
300 _ax, 265
650 _aTourism-Social Aspects
650 _aConsumer Behavior
942 _cBK
999 _c314383
_d314383